01744nam a22002297a 450000500170000000800410001702000180005804000070007604100080008308200200009110000280011124500700013926000310020930000280024036500660026852009260033465000460126070000310130694200120133799900190134995201460136820240222103114.0240216b ||||| |||| 00| 0 eng d a9780241982280 cAL aeng 223a302.2bKROC aMikael Krogerus9151692 aCommunication bookb: 44 ideas for better conversations every day aUKbPenguin Businessc2019 avii,193p.bHBc18x11cm. 2GeneralaVBI-2022b₹263.00c₹d₹350.00e25%f16/01/2024 aLEARN THE TECHNIQUES YOU NEED TO COMMUNICATE BETTER AT WORK AND HOME. 'Communication is a bit like love - it's what makes the world go round, but nobody really knows how it works. 'Struggle to find the words in meetings? Know what you mean but not how to say it? From Aristotle's thoughts on presenting to the Harvard Negotiation Project, internationally bestselling duo Mikael Kroger's and Roman Scheppele have 44 tried and tested ideas to change that. Distilled into a single volume, their winning marriage of practicality and humor turns seemingly difficult ideas into clear and entertaining diagrams that will help you: -Brush up on your listening skills and small talk. -Run better meetings. -Improve the conversations in your head. Whether you're a CEO, just starting out or want to improve your relationships at home, this guide will improve your communication skills and help you form more meaningful connections. 2Social InteractionaCommunication9151693 aTschappeler, Roman9151694 2ddccBK c229840d229840 00102ddc40708GENaSACPGbSACPGd2024-01-23eVidyarthi Booksg263.00l0o302.2 KROCpPG024587r2024-02-16 00:00:00v350.00w2024-02-16yBK